LEADER 01515nam a2200301 a 4500 001 000000135375 003 CaOOAMICUS 005 20130905125156.0 008 130905s2013 it f m 000 0 eng d 040 $aALF$bita$dPUL 100 1 $aJoseph, Rengith.$0(OLS)http://pul/name/87217 245 14$aThe role of catholic families in a time of cultural change with special reference to the family problems of Kerala society today /$cRengith Joseph. 260 $aRomae :$b[s.n.],$c2013. 300 $a141 p.$c24 cm 502 $aTesi-- Accademia Alfonsiana - Roma, 2013. 504 $aBibliografia : p. [107]-134. 650 4$aFamiglia$xMorale cattolica.$0(OLS)http://pul/subject/38149 650 4$aFamiglia$zKerala (India).$0(OLS)http://pul/subject/1320 710 2 $aAccademia Alfonsiana. Istituto superiore di Teologia morale.$kTesi.$0(OLS)http://pul/name/81838 850 $aPUL 852 $aPUL$W1$xDP1 Tesi Acc. Alfonsiana$y28$m2013 B 7$j155772$qTesi$B155414$CPULBib$Z2$F155414 $82 910 $aPontificia Universitą Lateranense. $bAccademia Alfonsiana$981838 910 $aIstituto superiore di Teologia morale. Accademia Alfonsiana$981838 910 $aAcademia Alfonsiana. Institutum superius theologiae moralis$981838 941 1 $a16 996 $6245$aThe role of catholic families in a time of cultural change with special reference to the family problems of Kerala society today$9(OLS)http://pul/title/171175 996 $6260$aRomae :$b[s.n.]$9(OLS)http://pul/publisher/48223 LEADER 01696nam a2200325 u 4500 001 000000118358 003 CaOOAMICUS 005 20091126105736.0 008 091126t2009 it u000 u ita u 020 $z978-88-13-27411-5 (V. 1)* 020 $z978-88-13-29872-2 (V. 2)* 040 $aPUL$bita$dReb 100 1 $aBuffa, Francesco.$0(OLS)http://pul/name/65055 245 13$aIl rapporto di lavoro degli extracomunitari /$cFrancesco Buffa. 260 $aPadova :$bCEDAM,$c©2009. 300 $a2 v. ;$c25 cm. +$eCD-Rom 490 1 $aSapere diritto ;$v6/I-II. 504 $aInclude indice bibliografico e indice normativo. 505 0 $aTomo 1: Soggiorno per lavoro e svolgimento del rapporto / prefazione di Arturo Maresca. -- Tomo 2: Previdenza e assistenza sociale 650 4$aPrevidenza sociale.$0(OLS)http://pul/subject/28663 650 4$aImmigrati$xDiritto.$0(OLS)http://pul/subject/17009 700 1 $aMaresca, Arturo,$d1951-$0(OLS)http://pul/name/73906 830 0$aSapere diritto ;$v6/I-II.$0(OLS)http://pul/title/137468 850 $aPUL 852 $aPUL$W1$xSL Diritto e Scienze Sociali 3$y79$m348. 45 COLL 3.6, 1$j135786$qDDC 21$B134779$CPULBib$Z2$F134779 $H111653 $82 852 $aPUL$W1$xSL Diritto e Scienze Sociali 3$y79$m348. 45 COLL 3.6, 2$j135787$qDDC 21$B134780$CPULBib$Z2$F134780 $H111654 $82 996 $6020$z978-88-13-27411-5 (V. 1)*$9(OLS)http://pul/number/142536 996 $6020$z978-88-13-29872-2 (V. 2)*$9(OLS)http://pul/number/142537 996 $6245$aIl rapporto di lavoro degli extracomunitari$9(OLS)http://pul/title/148945 996 $6260$aPadova :$bCEDAM$9(OLS)http://pul/publisher/48126